00825nam a2200217 a 4500008004100000020002200041245016300063260005200226300002500278500009900303504004100402500002000443650002500463700002800488700002100516700002200537700002100559003000100580005001700581040000900598  a0521434424 (pbk.)00aTheory, policy, and dynamics in international trade :bessays in honor of Ronald W. Jones /cedited by Wilfred J. Ethier, Elhanan Helpman, and J. Peter Neary. aCambridge :bCambridge University Press,c1993. aix, 298 p. ;c23 cm. aBased on papers presented at a conference held at the University of Pennsylvania in Nov. 1990. aIncludes bibliographical references. aIncludes index. 0aInternational trade.1 aJones, Ronald Winthrop.1 aEthier, Wilfred.1 aHelpman, Elhanan.1 aNeary, J. Peter.20230123133353.0 cNUST